Jelenkor – Színház-szám

Podrobná bibliografia
Médium: Článok
Jazyk:maďarčina
Fyzický popis:Fotogr.
ISSN:1335-7050
Predmet:

MARC

LEADER 00000nab a2200000 ar4500
001 vtls010289812
003 SK-MaSNL
005 20260319070748.0
008 110630c20110625xo |||||||| 000 b|hun
015 |a SNBRB2011/06  |2 snkbucl 
038 |a SNKBUCL 
040 |a DSZK  |b slo  |c DSZK  |e AACR2 
041 0 |a hun 
044 |a xo  |c SK 
080 |a 82:070  |x (439)  |2 2001 
080 |a 070.488  |x (439)  |2 2001 
080 |a 792  |2 2001 
245 0 0 |a Jelenkor – Színház-szám 
300 |b Fotogr. 
630 0 7 |a Jelenkor (časopis)  |y 2011  |x č. 6  |2 snkbucl  |9 1085665 
650 0 7 |a divadlo  |2 SNKPH  |9 3335 
773 0 |t Új szó  |g Évf. 64, sz. 147 (25.6.2011), o. 19  |x 1335-7050 
773 0 8 |i Mell.:  |t Szalon  |g Évf. 5, sz. 25 (2011) 
852 |a SNK  |b KIS3GCP 
852 |a DSZK  |b KIS3GCP 
958 |a HU 
958 |a LX 
999 |c 1785960  |d 1787890